W Mieszkaniu na Literę T - Statystyki

Ogólne statystyki
  • Ten quiz został rozwiązany 449 razy
  • Średni wynik to 6 z 24
Statystyki odpowiedzi
Odpowiedzi % Poprawnych
Telewizor
79%
Telefon
69%
Talerz
51%
Taboret
47%
Tablet
43%
Tapczan
42%
Toaleta
38%
Torebka
37%
Tost
34%
Teczka
25%
Termometr
25%
Tort
24%
Termos
18%
Trampki
18%
Tornister
17%
Tablica
13%
Tabletki
11%
Tłuczek
11%
Taśma
10%
Tulipan | Tulipany
10%
Temperówka
9%
Twaróg
7%
Tatar
4%
Torba na zakupy
2%
Nie znaleziono quizów pasujących do podanych kryteriów
Rozkład punktacji
Procent ludzi z każdym wynikiem
Percentyl według liczby udzielonych odpowiedzi
Twoja historia wyników
Nie rozwiązałeś tego quizu